Normal view MARC view

Entry Personal Name

Number of records used in: 2

001 - CONTROL NUMBER

  • control field: 16692

003 - CONTROL NUMBER IDENTIFIER

  • control field: dpl

005 - DATE AND TIME OF LATEST TRANSACTION

  • control field: 20100825162748.0

008 - FIXED-LENGTH DATA ELEMENTS

  • fixed length control field: 100825|||a|||||| | ||| d

040 ## - CATALOGING SOURCE

  • Original cataloging agency: dpl
  • Transcribing agency: dpl

100 ## - HEADING--PERSONAL NAME

  • Personal name: Advances in Recent Trends in Communication and Networks (January15-16, 2010 : Ashta)

670 ## - SOURCE DATA FOUND

  • Source citation: Work cat.: (dpl)43062: Advances in Recent Trends in Communication and Networks (January15-16, 2010 : Ashta), Proceedings of National conference on advances in recent trends in communication and networks :, 2009

670 ## - SOURCE DATA FOUND

  • Source citation: Work cat.: (dpl)43062: Advances in Recent Trends in Communication and Networks (January15-16, 2010 : Ashta), Proceedings of National conference on advances in recent trends in communication and networks :, 2009

© Delhi Public Library
Hit Counter
free hit counter